banner koha

Sistema agroflorestal com cacaueiros e essências florestais: desempenho agronômico, clonagem e análise econômica (Registro n. 9253)

MARC details
000 -LÍDER
fixed length control field 05386nab a2200349 i 4500
003 - CÓDIGO MARC DA AGÊNCIA CATALOGADORA
Campo de controle BR-BrBNA
005 - DATA E HORA DA ÚLTIMA ATUALIZAÇÃO
Campo de controle 20230822150919.0
008 - CAMPO DE TAMANHO FIXO
fixed length control field 230530b2020 bl.ar|pooa||| 00| 0 por |
040 ## - FONTE DA CATALOGAÇÃO
Agência catalogadora BR-BrBNA
Idioma da catalogação por
072 ## - CATEGORIA AGRIS
Código AGRIS F08
Código do objeto 2110
072 ## - CATEGORIA AGRIS
Código AGRIS F30
072 ## - CATEGORIA AGRIS
Código AGRIS E16
100 ## - ENTRADA PRINCIPAL - NOME PESSOAL
Nome pessoal Almeida, Caio Márcio Vasconcellos Cordeiro de
100 ## - ENTRADA PRINCIPAL - NOME PESSOAL
Nome pessoal Corrêa, Fernando Luíz de Oliveira
100 ## - ENTRADA PRINCIPAL - NOME PESSOAL
Nome pessoal Lima, Antônio de Almeida
100 ## - ENTRADA PRINCIPAL - NOME PESSOAL
Nome pessoal Virgulino, Amarildo Pinheiro
100 ## - ENTRADA PRINCIPAL - NOME PESSOAL
Nome pessoal Xavier, Ivan Pires
245 ## - TÍTULO PRINCIPAL
Título principal Sistema agroflorestal com cacaueiros e essências florestais: desempenho agronômico, clonagem e análise econômica
500 ## - NOTA GERAL
Nota geral Publicação on-line; 24 ref.; 2 tables; 2 illus.; Summaries (En, Pt)
942 ## - ADDED ENTRY ELEMENTS (KOHA)
Koha item type
520 ## - NOTA DE RESUMO
Nota de conteúdo <br/><br/>Trata-se de estudo de caso para avaliar sistema agroflorestal (SAF) com variedades híbridas de cacaueiros e<br/>essências florestais convertido em SAF com variedades clonais, abordando os aspectos agronômicos da implantação<br/>e do manejo, a conversão da plantação híbrida em plantação clonal, além da rentabilidade do cultivo. O estudo foi<br/>realizado no Sítio Rio Branco, em Ouro Preto do Oeste, Rondônia, em 2,24 hectares de cacaueiros, implantados em<br/>2003. Com os baixos níveis de produtividade obtidos até 2011, inferiores a 400,0 kg ha-1 de amêndoas secas de cacau,<br/>foi revelada a necessidade de se fazer uso de fertilização química, por se tratar de solos com baixo teor de fósforo e<br/>mediano de potássio. As fertilizações realizadas nos anos seguintes elevaram a produtividade das variedades híbridas<br/>para patamar superior a 1.300,0 kg ha-1, em 2014 e 2015. Em paralelo, entre 2012 e 2014, e em 2018, o produtor substituiu,<br/>gradativamente, as variedades híbridas pelos clones CCN 51, PH 16, SJ 02, PS 1319, CCN 10 e BN 34, utilizando a<br/>enxertia por garfagem de topo em fenda cheia. Em 2018, acrescentou às tecnologias em uso, a irrigação por micro<br/>aspersão, quando obteve os maiores níveis de produtividade, atingindo o patamar de 2.057,1 kg ha, em 2019. A análise<br/>econômica do período de 2005 a 2019 revelou Taxa Interna de Retorno - TIR de 26%, o que demonstra a viabilidade<br/>econômica do sistema de produção. A Renda Bruta Descontada – RDB e o Valor Presente Líquido – VPL tiveram<br/>melhor desempenho no ano de 2019, com valores líquidos de: R$ 47.594,83 e R$ 15.732,91, respectivamente, coincidente<br/>com a maior produtividade obtida. A adoção correta das práticas de manejo agronômico resultou em maior performance<br/>produtiva tanto para as variedades híbridas como para as variedades clonais.<br/><br/>Palavras-chave: intercultivo, produtividade, variedades híbridas, variedades clonais, Theobroma cacao L.<br/><br/>
520 ## - NOTA DE RESUMO
Nota de conteúdo Agroforestry system with cocoa trees and forest essences: agronomic performance, cloning and economic analysis. <br/><br/>This is a case study to evaluate the agroforestry system (SAF) with hybrid varieties of cocoa trees and forest essences <br/>converted into SAF with clonal varieties, addressing the agronomic aspects of implantation and management, <br/>the conversion of the hybrid plantation to clonal plantation, in addition to cultivation profitability. The study was carried <br/>out at Sítio Rio Branco, in Ouro Preto do Oeste, Rondônia, on 2.24 hectares of cocoa trees, implanted in 2003. <br/>With the low levels of productivity obtained until 2011, below 400.0 kg ha-1 of almonds cocoa droughts, the need to <br/>use chemical fertilization was revealed, as they are soils with low phosphorus and medium potassium. The fertilizations carried out in the<br/>following years raised the productivity of hybrid varieties to a level higher than 1,300.0 kg ha-1, in 2014 and 2015. In<br/>parallel, between 2012 and 2014, and in 2018, the producer gradually replaced hybrid varieties by clones CCN 51, PH<br/>16, SJ 02, PS 1319, CCN 10 and BN 34, using grafting top forks in full slits. In 2018, it added micro sprinkler irrigation<br/>to the technologies in use, when it achieved the highest levels of productivity, reaching the level of 2,057.1 kg ha<br/>in 2019. The economic analysis for the period from 2005 to 2019 revealed an Internal Rate of Return - 26% IRR,<br/>which demonstrates the economic viability of the production system. Gross Discounted Income - RDB and Net<br/>Present Value - NPV performed better in 2019, with net values of: R $ 47,594.83 and R $ 15,732.91, respectively,<br/>coinciding with the higher productivity obtained. The correct adoption of agronomic management practices resulted<br/>in greater productive performance for both hybrid and clonal varieties.<br/><br/>Key words: intercultural, productivity, hybrid varieties, clonal varieties, Theobroma cacao L
650 ## - ASSUNTO - THESAGRO
Cabeçalho tópico ou nome geográfico PRODUTIVIDADE
650 ## - ASSUNTO - THESAGRO
Cabeçalho tópico ou nome geográfico VARIEDADE
650 ## - ASSUNTO - THESAGRO
Cabeçalho tópico ou nome geográfico HÍBRIDO
650 ## - ASSUNTO - THESAGRO
Cabeçalho tópico ou nome geográfico CLONE
650 ## - ASSUNTO - THESAGRO
Cabeçalho tópico ou nome geográfico THEOBROMA CACAO
773 0# - ENTRADA ANALÍTICA
Host Biblionumber 1823
Registro do item 6918
Imprenta Itabuna-BA Comissão Executiva do Plano de Lavoura Cacaueira 1989
Outro identificador 2023-124816
Título Agrotrópica (Brazil)
ISSN 0103-3816
Colação v. 32(3) p. 177-188; (Sep-Dec 2020)
Número de controle de registro BR2023000598
856 ## - ACESSO E ENDEREÇO ELETRÔNICO
Identificador uniforme de recurso - URI https://www.gov.br/agricultura/pt-br/assuntos/ceplac/publicacoes/revista-agrotropica/artigos/2020-DOI-10.21757/0103-3816-2020v32n3p177-188.pdf
856 ## - ACESSO E ENDEREÇO ELETRÔNICO
Identificador uniforme de recurso - URI https://www.gov.br/agricultura/pt-br/assuntos/ceplac/publicacoes/revista-agrotropica/revista-volumes/2000-a-2010/revista-agrotropica-vol-32-no-3-2020.pdf

Nenhum exemplar disponível.

BINAGRI

Telefone: (61)3218-2567/2388/3357/2097 - binagri@agro.gov.br

Ministério da Agricultura e Pecuária , Esplanada dos Ministérios, Bloco D, Anexo B, Brasília/DF, CEP: 70.043-900